Loading...
| Fine Arts - Classical Music | 0 | 8 | 0 | 0 | 80 | 10 | 33.13 | 8 | 8 | 0.00 | 0.00 |
| Mythology | 0 | 7 | 0 | 1 | 70 | 49 | 69.86 | 2 | 5 | 0.00 | 0.00 |
| Fine Arts - Painting and Sculpture | 0 | 7 | 1 | 0 | 65 | 21 | 40.71 | 3 | 7 | 0.00 | 0.00 |
| History - American | 0 | 5 | 0 | 0 | 50 | 41 | 66.80 | 2 | 3 | 0.00 | 0.00 |
| History - Other | 0 | 5 | 0 | 1 | 50 | 41 | 76.60 | 0 | 1 | 0.00 | 0.00 |
| Fine Arts - Other | 0 | 5 | 1 | 0 | 45 | 22 | 50.60 | 2 | 5 | 0.00 | 0.00 |
| Religion | 0 | 4 | 0 | 0 | 40 | 56 | 66.00 | 0 | 1 | 0.00 | 0.00 |
| Philosophy | 0 | 4 | 0 | 0 | 40 | 47 | 68.75 | 0 | 3 | 0.00 | 0.00 |
| Literature - British | 0 | 3 | 0 | 0 | 30 | 17 | 54.33 | 1 | 2 | 0.00 | 0.00 |
| Science - Other | 0 | 3 | 1 | 0 | 25 | 85 | 89.67 | 0 | 0 | 0.00 | 0.00 |
| Literature - American | 0 | 3 | 2 | 0 | 20 | 52 | 73.33 | 0 | 1 | 0.00 | 0.00 |
| Popular Culture | 0 | 2 | 0 | 1 | 20 | 73 | 87.50 | 0 | 1 | 0.00 | 0.00 |
| Literature - European | 0 | 2 | 1 | 0 | 15 | 69 | 86.00 | 0 | 1 | 0.00 | 0.00 |
| Literature - World | 0 | 2 | 1 | 0 | 15 | 76 | 80.50 | 0 | 2 | 0.00 | 0.00 |
| Science - Biology | 0 | 1 | 0 | 0 | 10 | 54 | 54.00 | 0 | 1 | 0.00 | 0.00 |
| Science - Chemistry | 0 | 1 | 0 | 0 | 10 | 131 | 131.00 | 0 | 0 | 0.00 | 0.00 |
| Social Science | 0 | 1 | 1 | 1 | 5 | 110 | 110.00 | 0 | 0 | 0.00 | 0.00 |
| Geography | 0 | 1 | 2 | 0 | 0 | 104 | 104.00 | 0 | 0 | 0.00 | 0.00 |
| History - World | 0 | 1 | 3 | 1 | -5 | 97 | 97.00 | 0 | 0 | 0.00 | 0.00 |
| Science - Physics | 0 | 1 | 3 | 0 | -5 | 73 | 73.00 | 0 | 0 | 0.00 | 0.00 |
| Current Events | 0 | 0 | 1 | 0 | -5 | 0.00 | 0 | 0 | 0.00 | 0.00 |